| 000 | 00793nam a22002177a 4500 | ||
|---|---|---|---|
| 005 | 20240307085212.0 | ||
| 007 | cr |||aaa||||| | ||
| 008 | 240112s2009 mx|a|||go|||| 00| 0 spa d | ||
| 040 |
_aMX-MxUPN _bspa _eaacr2 _cMX-MxUPN |
||
| 050 | 4 | _aP120 S48 | |
| 245 | 0 | 0 |
_a10 recomendaciones para el uso no sexista del lenguaje _h[recurso electrónico en línea] |
| 250 | _aSegunda edición | ||
| 260 |
_aMéxico, D.F. : _bConsejo Nacional para Prevenir la Discriminación, _cc2009 |
||
| 300 |
_a1 recurso en línea (32 páginas) : _bilustraciones, PDF |
||
| 490 | 0 |
_aTextos del caracol ; _v1 |
|
| 506 | _aAcceso abierto. | ||
| 650 | 4 |
_948020 _aLenguaje no sexista |
|
| 856 | 4 | 0 | _uhttps://repositorio.dpe.gob.ec/handle/39000/913 |
| 902 | _aVíctorGodínez/120124 | ||
| 942 |
_2lcc _cLIBRO-E |
||
| 999 |
_c210760 _d210760 |
||